000 00941nam0a22002531 4500
001 rc\3035880
005 20250806201804.0
035 _a(NLR Aleph) 007176505
090 _a17847
_c17847
100 _a20111004d1941 u y0rusy50 ca
101 0 _arus
102 _aRU
105 _aa z |||||
200 1 _aТехнический отчет по триангуляции I и II класа (по работам 1926-1936 гг.)
210 _aМосква
_cГеодезиздат
_d1941
215 _a68 с.
_cтабл., черт.
_d26 см
225 1 _aЦентральный картографо-геодезический фонд
_fУпр. гос. геодез. надзора ГУГК СНК СССР
_vВып. 9
801 0 _aRU
_bNLR
_gpsbo
801 1 _aRU
_bELAR
_2rusmarc
852 _aNLR
_j74-50К/2017(9)
942 _cBOOK
945 _aРоссийская национальная библиотека
980 _aNB
980 _aBV